[Event "Barcelona La Lira Spring op 1st"]
[Site "Barcelona"]
[Date "2008.04.24"]
[Round "4.20"]
[White "Margareto Kohrmann, Eduardo E"]
[Black "Garcia Extremera, Manuel"]
[Result "1-0"]
[WhiteElo "1838"]
[BlackElo "1446"]
[PlyCount "67"]
[EventDate "2008.04.03"]
[EventType "swiss"]
[EventRounds "8"]
[EventCountry "ESP"]
[SourceTitle "EXT 2024"]
[Source "ChessBase"]
[SourceDate "2023.10.10"]
[SourceVersion "1"]
[SourceVersionDate "2023.10.10"]
[SourceQuality "1"]

1. e4 e5 2. Bc4 Nf6 3. Nc3 c6 4. d3 Bb4 5. Bd2 0-0 6. Nf3 d6 7. Ne2 a5 8. a3 Bxd2+ 9. Qxd2 Bg4 10. h3 Bxf3 11. gxf3 d5 12. Ba2 Na6 13. Ng3 dxe4 14. fxe4 h6 15. Rg1 g5 16. Nf5 Nxe4 17. dxe4 Kh7 18. 0-0-0 Qb6 19. Nxh6 f6 20. Nf5 Nc5 21. Qe2 Kg6 22. h4 Na4 23. h5+ Kh7 24. Rd7+ Kh8 25. Bb3 Nc5 26. Rd6 Nxb3+ 27. cxb3 Qxb3 28. Rgd1 Qb6 29. Nh6 Qc5+ 30. Qc2 Qb6 31. Ng4 Kg7 32. Rd7+ Kh8 33. R1d6 a4 34. Nxf6 1-0

[Event "Barcelona op rap"]
[Site "Barcelona"]
[Date "1996.12.14"]
[Round "1"]
[White "Margareto Kohrmann, Eduardo E"]
[Black "Jerez Perez, Alfonso"]
[Result "0-1"]
[WhiteElo "1940"]
[BlackElo "2365"]
[PlyCount "48"]
[EventDate "1996.12.??"]
[EventType "swiss (rapid)"]
[EventRounds "8"]
[EventCountry "ESP"]
[SourceTitle "EXT 2001"]
[Source "ChessBase"]
[SourceDate "2000.11.22"]
[SourceVersion "1"]
[SourceVersionDate "2000.11.22"]
[SourceQuality "1"]

1. Nf3 b6 2. b4 Bb7 3. e3 e6 4. Bb2 Nf6 5. b5 a6 6. a4 axb5 7. axb5 Rxa1 8. Bxa1 d6 9. c4 Nbd7 10. Be2 Be7 11. 0-0 0-0 12. d3 Nc5 13. Nbd2 Qa8 14. e4 Qa3 15. Ne1 Nfd7 16. Nc2 Qa5 17. Nf3 Ra8 18. Qb1 Qa2 19. Re1 Bf6 20. Bxf6 Nxf6 21. Nb4 Qa3 22. Nd4 Qc3 23. Ndc6 Bxc6 24. Nxc6 Nb3 0-1